| 000 | 01049nam2a22002411 4500 | ||
|---|---|---|---|
| 001 | rc\154700 | ||
| 005 | 20250621061301.0 | ||
| 010 |
_a5-88041-011-0 _95000 |
||
| 035 | _a(NLR Aleph) 005614789 | ||
| 090 |
_a6445710 _c6445711 |
||
| 100 | _a20030307d1996 |||y0rusy50 ca | ||
| 101 | 0 | _arus | |
| 102 | _aRU | ||
| 105 | _aa ||||||||| | ||
| 200 | 1 | _aАлгебра и тригонометрия | |
| 210 |
_d1996 _aБ. м. |
||
| 215 |
_a64 с. _cил. |
||
| 461 | 0 |
_1001rc\154699 _12001#$aМатематика ... для поступающих в вузы$eСпособы решения экзаменац. задач$fСост. Тырымов А.А., к. мат. н.$v... № 1 _96445705 _cВолгоград _d1996- _fСост. Тырымов А.А., к. мат. н. _nБратья Гринины _oСпособы решения экзаменац. задач _tМатематика ... для поступающих в вузы _v... № 1 |
|
| 801 | 0 |
_aRU _bNLR _gpsbo |
|
| 801 | 1 |
_aRU _bELAR _2rusmarc |
|
| 852 |
_aNLR _j96-4/10311 |
||
| 942 | _cBOOK | ||
| 980 | _aNB | ||